|
|
|
|
| LEADER |
01424nam a2200361Ia 4500 |
| 001 |
EBC362711 |
| 003 |
MiAaPQ |
| 005 |
20200520144314.0 |
| 006 |
m o d | |
| 007 |
cr cn||||||||| |
| 008 |
071226s2008 inuab sb s001 0 eng d |
| 010 |
|
|
|z 2007052738
|
| 020 |
|
|
|z 9780253351524
|
| 035 |
|
|
|a (MiAaPQ)EBC362711
|
| 035 |
|
|
|a (Au-PeEL)EBL362711
|
| 035 |
|
|
|a (CaPaEBR)ebr10251409
|
| 035 |
|
|
|a (CaONFJC)MIL178563
|
| 035 |
|
|
|a (OCoLC)476194193
|
| 040 |
|
|
|a MiAaPQ
|c MiAaPQ
|d MiAaPQ
|
| 050 |
|
4 |
|a HE5623
|b .J658 2008
|
| 082 |
0 |
4 |
|a 388.40973
|2 22
|
| 100 |
1 |
|
|a Jones, David W.,
|d 1945-
|
| 245 |
1 |
0 |
|a Mass motorization + mass transit
|h [electronic resource] :
|b an American history and policy analysis /
|c David W. Jones.
|
| 246 |
3 |
|
|a Mass motorization and mass transit
|
| 260 |
|
|
|a Bloomington :
|b Indiana University Press,
|c c2008.
|
| 300 |
|
|
|a x, 268 p. :
|b ill., maps.
|
| 504 |
|
|
|a Includes bibliographical references and index.
|
| 533 |
|
|
|a Electronic reproduction. Ann Arbor, MI : ProQuest, 2015. Available via World Wide Web. Access may be limited to ProQuest affiliated libraries.
|
| 650 |
|
0 |
|a Transportation, Automotive
|z United States
|x History.
|
| 650 |
|
0 |
|a Transportation, Automotive
|x Government policy
|z United States
|x History.
|
| 655 |
|
4 |
|a Electronic books.
|
| 710 |
2 |
|
|a ProQuest (Firm)
|
| 856 |
4 |
0 |
|u https://ebookcentral.proquest.com/lib/matrademy/detail.action?docID=362711
|z Click to View
|